|
|
|
|
| LEADER |
00000nam2a2200000 4500 |
| 001 |
199973 |
| 005 |
20260317172402.0 |
| 010 |
|
|
|a 5250012779
|
| 035 |
|
|
|a (RuTPU)RU\TPU\book\218032
|
| 090 |
|
|
|a 199973
|
| 100 |
|
|
|a 20110831d1990 m y0rusy50 ca
|
| 101 |
0 |
|
|a rus
|
| 102 |
|
|
|a RU
|
| 105 |
|
|
|a y z 001zy
|
| 200 |
0 |
|
|a Т. 4: 1905-1907
|
| 210 |
|
|
|d 1990
|
| 215 |
|
|
|a 541с.
|
| 320 |
|
|
|a Предм. указ.: с. 528-554.
|
| 461 |
|
1 |
|0 (RuTPU)RU\TPU\book\171394
|y 5-250-01031-8
|t Избранные сочинения
|o в 10 т.
|f В. И. Ленин
|g Институт теории и истории социализма ЦК КПСС
|v Т. 4: 1905-1907
|e 2-е изд.
|d 1990-1991
|
| 606 |
|
|
|a Ленин В. И.
|j Собрания сочинений
|9 87496
|
| 610 |
1 |
|
|a ленинизм
|
| 610 |
1 |
|
|a 20 век
|
| 610 |
1 |
|
|a статьи Ленина
|
| 686 |
|
|
|a Т3(2)6-8Ленин150
|2 rubbk
|
| 801 |
|
1 |
|a RU
|b 63413507
|c 20110831
|
| 801 |
|
2 |
|a RU
|b 63413507
|c 20110901
|g RCR
|
| 942 |
|
|
|c BK
|